000 00459nam a2200181Ia 4500
001 16550
005 20260306170317.0
008 260306t2006||||xx |||||||||||||| ||und||
041 _aESP
082 _a348.6L
_bR41 2006
100 _aRendón Vásquez, Jorge
_eAUT
245 0 _aLegislación laboral:
_brégimen de la actividad privada
260 _c2006
300 _a932 páginas :
_ccm.
650 _aGEN
654 _aCDE
942 _cLIB
_dJUS
_fJUS
_2ddc
_n
999 _c16550
_d16550